000
00220 a2200097 4500
001
45801
100
_a
Britannica
245
_a
Book of year 1978
260
_a
Chicago
_b
Encyclopedia Britannica
_c
090
_c
28927
_d
28927
942
_a
NUST-CAE
_c
M
_c
21032
999
_c
280874
_d
280874